Statistics for Most Popular Music Videos on YouTube

Click here to take the quiz!

General Stats

  • This quiz has been taken 41 times
  • The average score is 13 of 17

Answer Stats

ViewsMusic VideoAnswer% Correct
3,65 billionThinking Out LoudEd Sheeran
97%
3,53 billionPerfectEd Sheeran
97%
6,07 billionShape of YouEd Sheeran
97%
3,58 billionDark HorseKaty Perry
92%
3,86 billionRoarKaty Perry
92%
3,71 billionWaka WakaShakira
92%
4,88 billionGangnam StylePSY
87%
3,70 billionSorryJustin Bieber
85%
3,93 billionSugarMaroon 5
79%
6,01 billionSee You AgainWiz Khalifa
77%
8,25 billionDespacitoLuis Fonsi
74%
3,86 billionCounting StarsOneRepublic
74%
5,02 billionUptown FunkMark Ronson
69%
3,50 billionLet Her GoPassenger
54%
3,51 billionFadedAlan Walker
49%
4,04 billionAxel FCrazy Frog
49%
4,43 billionDame Tu CositaEl Chombo
15%

Score Distribution

Percentile by Number Answered

Percent of People with Each Score

Your Score History

You have not taken this quiz